000 00423nam a2200145 4500
999 _c2919
_d2919
008 200318b ||||| |||| 00| 0 eng d
082 0 0 _a614.84
_bR578
110 _92519
_aR. I. N. A
245 1 0 _aPrevention and control of fires in ships: a joint symposium held on 20th June /
260 _aLondon
_bIME
_c1972
300 _a65 p.
650 0 _aFire prevention and protection
700 _92521
_aI. M. E.
942 _2ddc
_cBK